Sopranistka Eva Urbanová: Keby nie náš pán farár, nebola by som speváčkou

Bibliographic Details
Other Authors: Bachleda, Stanislav, 1943- (Interviewer)
Format: Article
Language:Slovak
PhysicalDescription:Fotogr. 1
Subjects:

MARC

LEADER 00000nab a2200000 a 4500
001 vtls000571965
003 SK-MaSNL
005 20260305021253.0
008 160216c1996 xo 0 slo
015 |a SNBRB19rr/mm-uuuuu 
035 |a CL0572103 
040 |a SNKBUCL  |b slo  |c SNKBUCL  |e AACR2 
041 0 |a slo 
044 |a xo  |c SK 
080 |a 78.071.2:792.5  |2 1981 
080 |a 792.5  |2 1981 
080 |a 929 Urbanová, Eva  |2 1981 
100 1 |a Bachleda, Stanislav,  |d 1943-  |4 ivr  |9 243416 
245 1 0 |a Sopranistka Eva Urbanová: Keby nie náš pán farár, nebola by som speváčkou  |c Eva Urbanová, Stanislav Bachleda 
300 |b Fotogr. 1 
600 1 7 |a Urbanová, Eva,  |d 1961-  |2 snkbucl  |9 197402 
655 7 |a rozhovory  |2 snkbucl  |9 31831 
655 7 |a články z novín a časopisov  |2 snkbucl  |9 267496 
700 1 |a Urbanová, Eva,  |d 1961-  |4 ive  |9 197402 
773 0 |t Národná obroda  |g Roč. 7, č. 12 (16. 1. 1996), s. 8 
850 |a Slovenská národná knižnica v Martine  |a MTA001 
852 |a SNK  |b KIS3GCP 
958 |a BX 
958 |a RK 
958 |a CZ 
992 |a RBX 
999 |c 3284821  |d 3286751